Повести и рассказы советских писателей: в 2 кн.; Кн. 1; Рассказы о героях; Разлив; Бронепоезд 14-69; Главный вопрос; Перегной; Красный платок; Пери-хала и Ленин; Феодалы; Альпийская фиалка; Серый Лютый; Рассказ о саранче и басмачах; Ахмад - покоритель дивов; Прозрение слепых; Карюха; На Иртыше; Дедушкин валенок; Рисунок на бивне; Усвятские шлемоносцы; Офицер и крестьянин; Русский характер; Чудеса в хатенке; Воз сена; Судьба человека; Дубы; Обелиск
| Andre forfattere: | , |
|---|---|
| Sprog: | russisk |
| Udgivet: |
Москва, Художественная литература, 1985
|
| TOC: | М. Горький, Рассказы о героях; А. А. Фадеев, Разлив; В. В. Иванов, Бронепоезд 14-69; С. Антонов, Главный вопрос; Л. Н. Сейфуллина, Перегной; А. Головко, Красный платок; М. Ибрагимов, Пери-хала и Ленин; Н. Лордкипанидзе, Феодалы; А. Бакунц, Альпийская фиалка; М. Ауэзов, Серый Лютый; М. О. Ауэзов, Рассказ о саранче и басмачах; С. Айни, Ахмад - покоритель дивов; А. Каххар, Прозрение слепых; М. Н. Алексеев, Карюха; С. П. Залыгин, На Иртыше; М. М. Пришвин, Дедушкин валенок; Ю. Рытхэу, Рисунок на бивне; Е. И. Носов, Усвятские шлемоносцы; А. П. Платонов, Офицер и крестьянин; А. Н. Толстой, Русский характер; Я. Брыль, Чудеса в хатенке; А. Поцюс, Воз сена; М. А. Шолохов, Судьба человека; И. Шамякин, Дубы; В. В. Быков, Обелиск; |
| Serier: | Библиотека "Родные нивы" |
| Fag: | |
| Format: | MixedMaterials Bog |
| KOHA link: | https://koha.lib.tpu.ru/cgi-bin/koha/opac-detail.pl?biblionumber=153610 |
MARC
| LEADER | 00000nam0a2200000 4500 | ||
|---|---|---|---|
| 001 | 153610 | ||
| 005 | 20231101221714.0 | ||
| 020 | |a RU |b 85-57361 | ||
| 035 | |a (RuTPU)RU\TPU\book\166641 | ||
| 090 | |a 153610 | ||
| 100 | |a 20090213d1985 m y0rusy5003 ca | ||
| 101 | 2 | |a rus |c arm |c ukr |c gex |c kaz |c aze |c uzb |c taj |c bel |c lit | |
| 102 | |a RU | ||
| 105 | |a a z 000ay | ||
| 200 | 1 | |a Повести и рассказы советских писателей |e в 2 кн. |f сост. Л. Н. Арутюнов, Е. Ю. Сидоров |h Кн. 1 | |
| 210 | |a Москва |c Художественная литература |d 1985 | ||
| 215 | |a 575 с. |c цв. ил. | ||
| 225 | 1 | |a Библиотека "Родные нивы" | |
| 464 | |t Рассказы о героях |f М. Горький | ||
| 464 | |t Разлив |f А. А. Фадеев | ||
| 464 | |t Бронепоезд 14-69 |f В. В. Иванов | ||
| 464 | |t Главный вопрос |f С. Антонов | ||
| 464 | |t Перегной |f Л. Н. Сейфуллина | ||
| 464 | |t Красный платок |f А. Головко | ||
| 464 | |t Пери-хала и Ленин |f М. Ибрагимов | ||
| 464 | |t Феодалы |f Н. Лордкипанидзе | ||
| 464 | |t Альпийская фиалка |f А. Бакунц | ||
| 464 | |t Серый Лютый |f М. Ауэзов | ||
| 464 | |t Рассказ о саранче и басмачах |o из романа "Чинара" |f М. О. Ауэзов | ||
| 464 | |t Ахмад - покоритель дивов |f С. Айни | ||
| 464 | |t Прозрение слепых |f А. Каххар | ||
| 464 | |t Карюха |f М. Н. Алексеев | ||
| 464 | |t На Иртыше |f С. П. Залыгин | ||
| 464 | |t Дедушкин валенок |f М. М. Пришвин | ||
| 464 | |t Рисунок на бивне |f Ю. Рытхэу | ||
| 464 | |t Усвятские шлемоносцы |f Е. И. Носов | ||
| 464 | |t Офицер и крестьянин |f А. П. Платонов | ||
| 464 | |t Русский характер |f А. Н. Толстой | ||
| 464 | |t Чудеса в хатенке |f Я. Брыль | ||
| 464 | |t Воз сена |f А. Поцюс | ||
| 464 | |t Судьба человека |f М. А. Шолохов | ||
| 464 | |t Дубы |f И. Шамякин | ||
| 464 | |t Обелиск |f В. В. Быков | ||
| 606 | 1 | |a Русская литература современная |2 stltpush |3 (RuTPU)RU\TPU\subj\26373 |9 50316 | |
| 606 | 1 | |a Сборники |x Художественная литература |2 stltpush |3 (RuTPU)RU\TPU\subj\53852 |9 72016 | |
| 610 | 1 | |a советская литература | |
| 610 | 1 | |a повести | |
| 610 | 1 | |a рассказы | |
| 610 | 1 | |a сборники | |
| 610 | 1 | |a деревня | |
| 610 | 1 | |a Великая Отечественная война 1941-1945 | |
| 610 | 1 | |a Великая Октябрьская социалистическая революция | |
| 610 | 1 | |a армянская литература | |
| 610 | 1 | |a украинская литература | |
| 610 | 1 | |a грузинская литература | |
| 610 | 1 | |a казахская литература | |
| 610 | 1 | |a азербайджанская литература | |
| 610 | 1 | |a узбекская литература | |
| 610 | 1 | |a таджикская литература | |
| 610 | 1 | |a белорусская литература | |
| 610 | 1 | |a литовская литература | |
| 675 | |a Р2 |v 3 | ||
| 675 | |a 8-8 |v 3 | ||
| 702 | 1 | |a Арутюнов |b Л. Н. |g Лев Николаевич |4 220 | |
| 702 | 1 | |a Сидоров |b Е. Ю. |g Евгений Юрьевич |4 220 | |
| 801 | 0 | |a RU |b RuMRKP |c 19950704 |g psbo | |
| 801 | 1 | |a RU |b 63413507 |c 20090213 |g PSBO | |
| 801 | 2 | |a RU |b 63413507 |c 20220126 |g PSBO | |
| 942 | |c BK | ||